000
00315nam a2200133Ia 4500
008
191201s2010 xx 000 0 und d
100
_a
CHERUNILAM,Francis
245
0
_a
International Business Text and Cases
250
_a
5th
260
_a
N. Delhi
_b
PHI
_c
2010
300
_a
848
650
_a
MBA
942
_2
ddc
_c
BK
999
_c
4769
_d
4769